| 000 | 00514nam a2200145 a 4500 | ||
|---|---|---|---|
| 008 | 201106b ||||| |||| 00| 0 eng d | ||
| 082 | 0 | 0 |
_a954.91 _bHAM |
| 100 | 1 |
_aYusuf, Hamid. _946066 |
|
| 245 | 1 | 0 |
_aPakistan, a study of political developments 1947-97 / _cHamid Yusuf ; foreword by Ainslie T. Embree. |
| 260 |
_aLahore : _bAcademy of Administrative and Social Sciences, _c1998. |
||
| 300 |
_axiv, 274 p. ; _c25 cm. |
||
| 526 |
_a0 _b0 _c0 _d954_910000000000000_HAM |
||
| 650 |
_aNUST _96342 |
||
| 942 |
_2ddc _cBK _2ddc |
||
| 999 |
_c549412 _d549412 |
||